000 00311nam a2200109Ia 4500
008 231017s9999 xx 000 0 und d
245 0 _aNCHRP Web-Only Document 126: Methodology to Predict the Safety Performance of Rural: Multilane Highways
245 0 _cTRB
260 _bTRB
300 _c30cm
942 _cREP
999 _c603625
_d603625